| 000 | 00392nam a2200157Ia 4500 | ||
|---|---|---|---|
| 005 | 20250311134229.0 | ||
| 008 | 231217s9999 xx 000 0 und d | ||
| 020 | _a9788178815596 | ||
| 082 | _a650 JAY;1 | ||
| 100 | _aJaya Krishna, S. | ||
| 245 | 0 | _aVirtual enterprise : an introduction | |
| 260 |
_c2005 _bICFAI Press _aHyderabad |
||
| 300 | _axi, 220 | ||
| 650 | _aICFAI | ||
| 942 | _cAA | ||
| 999 |
_c181427 _d181427 |
||